[Event "Bezirksliga Oberbayern 1819"]
[Site "Bayern"]
[Date "2019.02.03"]
[Round "6.6"]
[White "Glueck, Josef"]
[Black "Wiesmeier, Franz"]
[Result "0-1"]
[WhiteElo "1851"]
[BlackElo "1779"]
[PlyCount "102"]
[EventDate "2018.10.21"]
[EventType "team-tourn"]
[EventRounds "9"]
[EventCountry "GER"]
[SourceTitle "EXT 2022"]
[Source "ChessBase"]
[SourceDate "2021.10.06"]
[SourceVersion "1"]
[SourceVersionDate "2021.10.06"]
[SourceQuality "1"]
[WhiteTeam "Traunstein/Traunreut"]
[BlackTeam "Moosburg SC"]
[WhiteTeamCountry "GER"]
[BlackTeamCountry "GER"]

1. Nf3 f5 2. d4 g6 3. Nc3 Nf6 4. Bg5 Bg7 5. Bxf6 Bxf6 6. e4 fxe4 7. Nxe4 d5 8. Nxf6+ exf6 9. Be2 Nc6 10. c3 Qd6 11. Qd2 Bd7 12. b4 a5 13. b5 Ne7 14. a4 0-0 15. 0-0 c6 16. Rfb1 Kg7 17. Ne1 Rfe8 18. Nd3 Bf5 19. Rb2 Bxd3 20. Bxd3 c5 21. Rbb1 c4 22. Bc2 b6 23. Re1 Ng8 24. Re3 Rxe3 25. Qxe3 Qe7 26. Qxe7+ Nxe7 27. Re1 Kf7 28. Bd1 Rd8 29. Bg4 Rd6 30. h4 f5 31. Bf3 Re6 32. Kf1 Rxe1+ 33. Kxe1 Ke6 34. Ke2 h6 35. Ke3 g5 36. hxg5 hxg5 37. g3 Ng8 38. Bd1 Nf6 39. f3 Nh5 40. f4 Nxg3 41. fxg5 Ne4 42. g6 Kf6 43. Kf4 Kxg6 44. Ke5 Nxc3 45. Bc2 Kg5 46. Bxf5 Nxa4 47. Kxd5 Kxf5 48. Kxc4 Nb2+ 49. Kb3 Nd1 50. Kc2 Ne3+ 51. Kd3 Kf4 0-1

[Event "Bezirksliga Oberbayern 1819"]
[Site "Bayern"]
[Date "2019.01.20"]
[Round "5.5"]
[White "Freundorfer, Josef"]
[Black "Glueck, Josef"]
[Result "1-0"]
[WhiteElo "2059"]
[BlackElo "1851"]
[PlyCount "105"]
[EventDate "2018.10.21"]
[EventType "team-tourn"]
[EventRounds "9"]
[EventCountry "GER"]
[SourceTitle "EXT 2022"]
[Source "ChessBase"]
[SourceDate "2021.10.06"]
[SourceVersion "1"]
[SourceVersionDate "2021.10.06"]
[SourceQuality "1"]
[WhiteTeam "Ingolstadt MTV"]
[BlackTeam "Traunstein/Traunreut"]
[WhiteTeamCountry "GER"]
[BlackTeamCountry "GER"]

1. e4 d6 2. d4 Nf6 3. Nc3 e5 4. Be3 Ng4 5. Nf3 Nxe3 6. fxe3 Nd7 7. Bc4 Be7 8. 0-0 0-0 9. Bb3 c6 10. Qe1 Bf6 11. g4 Qe7 12. Qg3 g6 13. Rf2 b5 14. g5 Bg7 15. Raf1 a5 16. Nd2 exd4 17. Rxf7 Rxf7 18. Rxf7 Qxf7 19. Bxf7+ Kxf7 20. Qf2+ Kg8 21. exd4 Nf8 22. Qe3 Bd7 23. Ne2 Ne6 24. h4 a4 25. Kg2 Rf8 26. c3 Rf7 27. Qg3 Bf8 28. b3 axb3 29. axb3 Be7 30. b4 Kg7 31. Nf3 h6 32. d5 cxd5 33. exd5 Nc7 34. h5 hxg5 35. Nxg5 Rf5 36. Ne6+ Kh8 37. Qxg6 Bxe6 38. Qh6+ Kg8 39. dxe6 Rf6 40. Qg5+ Kf8 41. Nf4 Nxe6 42. Nxe6+ Rxe6 43. Qf5+ Rf6 44. Qxb5 Kg7 45. Qg5+ Kh7 46. Qg4 Bf8 47. b5 d5 48. Qd7+ Bg7 49. Qxd5 Rf4 50. b6 Rf8 51. b7 Kh8 52. Qd6 Rg8 53. b8Q 1-0

[Event "Bezirksliga Oberbayern 1819"]
[Site "Bayern"]
[Date "2018.11.11"]
[Round "2.6"]
[White "Soergel, Thomas"]
[Black "Glueck, Josef"]
[Result "1/2-1/2"]
[WhiteElo "1949"]
[BlackElo "1851"]
[PlyCount "70"]
[EventDate "2018.10.21"]
[EventType "team-tourn"]
[EventRounds "9"]
[EventCountry "GER"]
[SourceTitle "EXT 2022"]
[Source "ChessBase"]
[SourceDate "2021.10.06"]
[SourceVersion "1"]
[SourceVersionDate "2021.10.06"]
[SourceQuality "1"]
[WhiteTeam "Graefelfing SK"]
[BlackTeam "Traunstein/Traunreut"]
[WhiteTeamCountry "GER"]
[BlackTeamCountry "GER"]

1. c4 b6 2. d4 Bb7 3. Nc3 e6 4. Nf3 Bb4 5. Bd2 f5 6. a3 Bxc3 7. Bxc3 Nf6 8. b3 0-0 9. e3 d6 10. Be2 Nbd7 11. 0-0 Qe7 12. Nd2 Ne4 13. Nxe4 Bxe4 14. f3 Bb7 15. Qd2 e5 16. d5 Nc5 17. Rab1 a5 18. b4 axb4 19. axb4 Nd7 20. Ra1 Nf6 21. Rxa8 Rxa8 22. Ra1 Rxa1+ 23. Bxa1 Qe8 24. Qa2 Qa8 25. Qxa8+ Bxa8 26. Bd3 g6 27. Be2 Kf7 28. b5 Bb7 29. f4 exf4 30. Bxf6 Kxf6 31. exf4 g5 32. g3 Bc8 33. Kf2 g4 34. Kg2 Bd7 35. h3 h6 1/2-1/2

[Event "Bezirksliga Oberbayern 1819"]
[Site "Bayern"]
[Date "2018.10.21"]
[Round "1.6"]
[White "Glueck, Josef"]
[Black "Donegani, Peter"]
[Result "1-0"]
[WhiteElo "1851"]
[BlackElo "1989"]
[PlyCount "73"]
[EventDate "2018.10.21"]
[EventType "team-tourn"]
[EventRounds "9"]
[EventCountry "GER"]
[SourceTitle "EXT 2022"]
[Source "ChessBase"]
[SourceDate "2021.10.06"]
[SourceVersion "1"]
[SourceVersionDate "2021.10.06"]
[SourceQuality "1"]
[WhiteTeam "Traunstein/Traunreut"]
[BlackTeam "Freilassing"]
[WhiteTeamCountry "GER"]
[BlackTeamCountry "GER"]

1. Nf3 Nf6 2. c4 g6 3. Nc3 d5 4. cxd5 Nxd5 5. Qb3 Nb6 6. d4 Bg7 7. Bg5 0-0 8. e3 Be6 9. Qc2 Nc6 10. Rd1 Nb4 11. Qb1 Bf5 12. e4 Bg4 13. Be2 h6 14. Bf4 Rc8 15. 0-0 f5 16. Be5 Nc6 17. Bxg7 Kxg7 18. d5 Nb4 19. Nd4 Kh7 20. Bxg4 fxg4 21. Ne6 Qd6 22. Nxf8+ Rxf8 23. a3 Na6 24. Qd3 Nd7 25. Qd4 Ne5 26. Ne2 h5 27. Kh1 h4 28. Ng1 Nc5 29. f4 gxf3 30. Nxf3 Nxf3 31. Rxf3 Rxf3 32. gxf3 Qf4 33. Rf1 Nb3 34. Qb4 Nd2 35. Rf2 Nb1 36. Qe1 g5 37. Qxb1 1-0

[Event "Oberbayern Bezirksliga 1617"]
[Site "Germany"]
[Date "2017.04.30"]
[Round "9.7"]
[White "Herrmann, Michael2"]
[Black "Glueck, Josef"]
[Result "1-0"]
[WhiteElo "2056"]
[BlackElo "1877"]
[PlyCount "87"]
[EventDate "2016.10.16"]
[EventType "team-tourn"]
[EventRounds "9"]
[EventCountry "GER"]
[SourceTitle "EXT 2019"]
[Source "ChessBase"]
[SourceDate "2018.10.10"]
[SourceVersion "1"]
[SourceVersionDate "2018.10.10"]
[SourceQuality "1"]
[WhiteTeam "Freilassing"]
[BlackTeam "Traunstein/Traunreut"]
[WhiteTeamCountry "GER"]
[BlackTeamCountry "GER"]

1. c4 d6 2. g3 e5 3. Bg2 f5 4. d4 exd4 5. Qxd4 Nf6 6. Nc3 Nc6 7. Qd1 Be6 8. b3 a5 9. Nh3 Be7 10. Nf4 Bf7 11. 0-0 0-0 12. Bb2 Ra7 13. Rc1 Nb4 14. a3 Nc6 15. Nb5 Ra8 16. Nd5 Rc8 17. Qc2 Be6 18. Rfd1 Qd7 19. Nf4 Bf7 20. Nc3 Rce8 21. Ncd5 Bg6 22. Nxg6 hxg6 23. h4 Bd8 24. c5 Ne4 25. Nf4 Qf7 26. cxd6 cxd6 27. Rxd6 Bc7 28. Rxg6 Bxf4 29. Rxg7+ Qxg7 30. Bxg7 Rf7 31. gxf4 Rxg7 32. Kf1 Kh8 33. e3 Rg4 34. Bxe4 fxe4 35. Qc3+ Kh7 36. Qf6 Rg7 37. Rc5 Ree7 38. Rg5 Kg8 39. h5 Ref7 40. Rxg7+ Rxg7 41. Qe6+ Kh7 42. Qxe4+ Kh6 43. Qf5 Ne7 44. Qf6+ 1-0

[Event "Oberbayern Bezirksliga 1617"]
[Site "Germany"]
[Date "2017.04.02"]
[Round "8.7"]
[White "Glueck, Josef"]
[Black "Pappenheim, Rainer"]
[Result "0-1"]
[WhiteElo "1877"]
[BlackElo "1988"]
[PlyCount "66"]
[EventDate "2016.10.16"]
[EventType "team-tourn"]
[EventRounds "9"]
[EventCountry "GER"]
[SourceTitle "EXT 2019"]
[Source "ChessBase"]
[SourceDate "2018.10.10"]
[SourceVersion "1"]
[SourceVersionDate "2018.10.10"]
[SourceQuality "1"]
[WhiteTeam "Traunstein/Traunreut"]
[BlackTeam "Starnberg"]
[WhiteTeamCountry "GER"]
[BlackTeamCountry "GER"]

1. Nf3 d5 2. c4 c6 3. e3 Nf6 4. Nc3 e6 5. b3 Bd6 6. Bb2 0-0 7. d4 Nbd7 8. Bd3 Re8 9. 0-0 a6 10. e4 dxc4 11. bxc4 e5 12. d5 Nc5 13. Bc2 Bg4 14. Re1 Rc8 15. Rb1 Qa5 16. h3 Bh5 17. g4 Bg6 18. Nh4 Qd8 19. Nxg6 fxg6 20. Re2 Rf8 21. dxc6 bxc6 22. Rd2 Ne8 23. Ne2 Qh4 24. Qf1 Ne6 25. Qg2 Ng5 26. Rd3 Bc5 27. Rf1 Nd6 28. Bxe5 Ndxe4 29. Rd7 Nf3+ 30. Qxf3 Rxf3 31. Rxg7+ Kf8 32. Bxe4 Bxf2+ 33. Rxf2 Qxf2+ 0-1

[Event "Oberbayern Bezirksliga 1617"]
[Site "Germany"]
[Date "2016.10.16"]
[Round "1.7"]
[White "Reith, Hubert"]
[Black "Glueck, Josef"]
[Result "1-0"]
[WhiteElo "1880"]
[BlackElo "1877"]
[PlyCount "159"]
[EventDate "2016.10.16"]
[EventType "team-tourn"]
[EventRounds "9"]
[EventCountry "GER"]
[SourceTitle "EXT 2019"]
[Source "ChessBase"]
[SourceDate "2018.10.10"]
[SourceVersion "1"]
[SourceVersionDate "2018.10.10"]
[SourceQuality "1"]
[WhiteTeam "Moosburg SC"]
[BlackTeam "Traunstein/Traunreut"]
[WhiteTeamCountry "GER"]
[BlackTeamCountry "GER"]

1. d4 Nf6 2. Bf4 e6 3. Nf3 b6 4. Nbd2 Bb7 5. e3 h6 6. Bd3 Bd6 7. Bxd6 cxd6 8. e4 d5 9. e5 Ne4 10. Qe2 Nxd2 11. Qxd2 Nc6 12. c3 d6 13. 0-0 dxe5 14. dxe5 0-0 15. Rad1 Qc7 16. Rfe1 a5 17. Bb1 Qe7 18. Qc2 g6 19. h4 f5 20. exf6 Rxf6 21. Qe2 Raf8 22. Qe3 Kg7 23. Qxb6 Rxf3 24. gxf3 Rxf3 25. Re3 Rf7 26. Rg3 Rf6 27. h5 g5 28. Qe3 Rf7 29. Re1 e5 30. Bg6 Rf4 31. a3 Qd6 32. Qb6 Qe7 33. b4 axb4 34. axb4 e4 35. Qc5 Qxc5 36. bxc5 Ne5 37. Rb1 Bc6 38. Rb6 Rf6 39. Kg2 Nd3 40. Rxd3 exd3 41. Bxd3 Kf7 42. Kg3 Ke7 43. Bb5 Bxb5 44. Rxb5 Kd7 45. Rb6 Rc6 46. Rb5 Kc7 47. Kf3 Ra6 48. Ke3 Kc6 49. Rb6+ Rxb6 50. cxb6 Kxb6 51. Kd4 Kc6 52. Ke5 Kc5 53. Kf6 Kc4 54. Kg6 Kxc3 55. Kxh6 d4 56. Kxg5 d3 57. h6 d2 58. h7 d1Q 59. h8Q+ Kc4 60. Qc8+ Kb5 61. Qf5+ Kc6 62. Qe6+ Kc7 63. f4 Qg1+ 64. Kf6 Qf2 65. Qe5+ Kd7 66. Qe7+ Kc8 67. f5 Qh4+ 68. Kf7 Qh7+ 69. Ke6 Qh3 70. Qd7+ Kb8 71. Ke7 Qh4+ 72. f6 Qe4+ 73. Qe6 Qh7+ 74. f7 Qh4+ 75. Ke8 Qa4+ 76. Ke7 Qa7+ 77. Qd7 Qe3+ 78. Kd8 Qb6+ 79. Ke8 Qe3+ 80. Qe7 1-0

[Event "Bayern-ch Seniors op 27th"]
[Site "Bergen"]
[Date "2015.06.15"]
[Round "2"]
[White "Braeu, Ludwig"]
[Black "Glueck, Josef"]
[Result "1/2-1/2"]
[WhiteElo "1733"]
[BlackElo "1891"]
[PlyCount "60"]
[EventDate "2015.06.15"]
[EventType "swiss"]
[EventRounds "9"]
[EventCountry "GER"]
[SourceTitle "EXT 2019"]
[Source "ChessBase"]
[SourceDate "2018.10.10"]
[SourceVersion "1"]
[SourceVersionDate "2018.10.10"]
[SourceQuality "1"]

1. c4 Nf6 2. g3 g6 3. Bg2 d5 4. cxd5 Nxd5 5. Nc3 Nxc3 6. bxc3 Bg7 7. Rb1 Nd7 8. Nf3 0-0 9. 0-0 c6 10. d4 h6 11. Qd3 Nf6 12. Ne5 Qa5 13. Qc2 Qc7 14. Ba3 Be6 15. c4 Ng4 16. Nxg4 Bxg4 17. h3 Be6 18. Bb2 Rad8 19. Rbd1 Rd7 20. e4 Rfd8 21. d5 cxd5 22. Bxg7 Kxg7 23. Qb2+ f6 24. cxd5 Bf7 25. Rc1 Qd6 26. Rc2 e6 27. Rd1 h5 28. h4 exd5 29. Rcd2 Be6 30. exd5 Bg4 1/2-1/2

[Event "Bayern-ch Seniors op 27th"]
[Site "Bergen"]
[Date "2015.06.15"]
[Round "9"]
[White "Gerhards, Walter"]
[Black "Glueck, Josef"]
[Result "1-0"]
[WhiteElo "1756"]
[BlackElo "1891"]
[PlyCount "135"]
[EventDate "2015.06.15"]
[EventType "swiss"]
[EventRounds "9"]
[EventCountry "GER"]
[SourceTitle "EXT 2019"]
[Source "ChessBase"]
[SourceDate "2018.10.10"]
[SourceVersion "1"]
[SourceVersionDate "2018.10.10"]
[SourceQuality "1"]

1. e4 c5 2. Nf3 a6 3. g3 Nc6 4. Bg2 e5 5. 0-0 Nf6 6. Re1 d6 7. c3 Bg4 8. d3 Qd7 9. Nbd2 Be7 10. Nf1 0-0 11. Ne3 Bh3 12. Bd2 Bxg2 13. Kxg2 g6 14. h3 d5 15. exd5 Nxd5 16. Ng4 f6 17. Bh6 Rf7 18. Qd2 Rd8 19. Rad1 b5 20. Qc1 Nc7 21. Rd2 Ne6 22. Red1 Qb7 23. Kg1 a5 24. Re2 b4 25. Qe3 Qc7 26. Red2 Qc8 27. Re2 a4 28. Qc1 a3 29. bxa3 bxc3 30. Qxc3 Ned4 31. Nxd4 Nxd4 32. Rb2 Qc6 33. Nh2 e4 34. Be3 f5 35. Bxd4 Rxd4 36. Nf1 Bf6 37. Rb8+ Kg7 38. Qb3 c4 39. dxc4 Rxd1 40. Qxd1 Qxc4 41. Qb3 Qc1 42. Kg2 f4 43. gxf4 Qxf4 44. Qg3 Qf3+ 45. Qxf3 exf3+ 46. Kg1 Be5 47. Rb3 Rf5 48. Ng3 Rf4 49. Nf1 Rf5 50. Nd2 Bd6 51. a4 Ra5 52. Nc4 Rd5 53. Nxd6 Rxd6 54. Kh2 Rd2 55. Ra3 Rxf2+ 56. Kg3 Re2 57. Kxf3 Re6 58. a5 Ra6 59. Ke4 Kf6 60. Kd5 Ke7 61. Kc5 Kd8 62. Kb5 Ra8 63. a6 Kc8 64. Kb6 Rb8+ 65. Kc6 Ra8 66. a7 h6 67. Kb6 g5 68. Rf3 1-0

[Event "Bayern-ch Seniors op 27th"]
[Site "Bergen"]
[Date "2015.06.15"]
[Round "8"]
[White "Glueck, Josef"]
[Black "Trescher, Manfred"]
[Result "0-1"]
[WhiteElo "1891"]
[BlackElo "2062"]
[PlyCount "98"]
[EventDate "2015.06.15"]
[EventType "swiss"]
[EventRounds "9"]
[EventCountry "GER"]
[SourceTitle "EXT 2019"]
[Source "ChessBase"]
[SourceDate "2018.10.10"]
[SourceVersion "1"]
[SourceVersionDate "2018.10.10"]
[SourceQuality "1"]

1. Nf3 d5 2. b3 Bg4 3. e3 Nd7 4. c4 e6 5. Bb2 Ngf6 6. Be2 Bd6 7. Nc3 c6 8. cxd5 exd5 9. Nd4 Bxe2 10. Qxe2 g6 11. f4 Qe7 12. a3 a6 13. 0-0 c5 14. Nf3 0-0 15. Qd3 Nb6 16. Ne5 d4 17. Ne4 Nxe4 18. Qxe4 f6 19. exd4 fxe5 20. dxe5 Rae8 21. Qc2 Bb8 22. a4 Nd5 23. Qc4 Qe6 24. g3 Ba7 25. Kf2 Nc7 26. Rac1 b5 27. Qxe6+ Rxe6 28. Ba3 Rd8 29. Rfd1 Nd5 30. Kf3 b4 31. Bb2 Ne7 32. Ke4 Nc6 33. g4 Nd4 34. f5 Ree8 35. e6 Nxb3 36. Rc2 Nd4 37. Rc4 Nxe6 38. fxe6 Rxe6+ 39. Kf3 Rd3+ 40. Kf2 Rh3 41. Kg2 Rb3 42. Ba1 Re2+ 43. Kg1 Rd3 44. a5 Rdxd2 45. Rxd2 Rxd2 46. g5 Bb8 47. Re4 Bxh2+ 48. Kh1 Rd1+ 49. Kxh2 Rxa1 0-1

[Event "Bayern-ch op Seniors 26th"]
[Site "Bergen"]
[Date "2014.06.28"]
[Round "8"]
[White "Glueck, Josef"]
[Black "Boldt, Heinrich"]
[Result "1-0"]
[WhiteElo "1899"]
[BlackElo "1701"]
[PlyCount "69"]
[EventDate "2014.06.21"]
[EventType "swiss"]
[EventRounds "7"]
[EventCountry "GER"]
[SourceTitle "EXT 2018"]
[Source "ChessBase"]
[SourceDate "2017.10.13"]
[SourceVersion "1"]
[SourceVersionDate "2017.10.13"]
[SourceQuality "1"]

1. Nf3 Nf6 2. c4 c5 3. Nc3 Nc6 4. d4 cxd4 5. Nxd4 g6 6. e4 Bg7 7. Be3 d6 8. Be2 0-0 9. 0-0 Bd7 10. Qd2 Ng4 11. Bxg4 Bxg4 12. f3 Bxd4 13. Bxd4 Nxd4 14. Qxd4 Be6 15. Rac1 Qa5 16. Rfd1 Rac8 17. b3 Qc5 18. h4 h5 19. Kf1 Qxd4 20. Rxd4 a6 21. a4 f5 22. Re1 Rf6 23. e5 dxe5 24. Rxe5 Kf7 25. Kf2 Ke8 26. Ke3 Rd8 27. f4 Rd7 28. b4 Bf7 29. c5 Rc6 30. b5 Rf6 31. Rxd7 Kxd7 32. Nd5 Bxd5 33. Rxd5+ Kc7 34. Kd4 axb5 35. axb5 1-0

[Event "Bayern-ch op Seniors 26th"]
[Site "Bergen"]
[Date "2014.06.27"]
[Round "7"]
[White "Daeubler, Heinrich"]
[Black "Glueck, Josef"]
[Result "1-0"]
[WhiteElo "2044"]
[BlackElo "1899"]
[PlyCount "85"]
[EventDate "2014.06.21"]
[EventType "swiss"]
[EventRounds "7"]
[EventCountry "GER"]
[SourceTitle "EXT 2018"]
[Source "ChessBase"]
[SourceDate "2017.10.13"]
[SourceVersion "1"]
[SourceVersionDate "2017.10.13"]
[SourceQuality "1"]

1. d4 Nf6 2. c4 e6 3. Nf3 Bb4+ 4. Bd2 Qe7 5. Qb3 a5 6. e3 b6 7. Bd3 Bb7 8. a3 Bxd2+ 9. Nbxd2 0-0 10. 0-0 d6 11. e4 Nbd7 12. Qc2 e5 13. d5 a4 14. b4 axb3 15. Nxb3 Ra7 16. Ra2 Rfa8 17. Rfa1 Ne8 18. a4 Nc5 19. Nxc5 dxc5 20. a5 bxa5 21. Qc3 a4 22. Qc2 a3 23. Qc3 Nd6 24. Rxa3 Rxa3 25. Rxa3 Rxa3 26. Qxa3 f5 27. Qxc5 Kf7 28. Qe3 h6 29. Nd2 f4 30. Qa7 Bc8 31. c5 Nb7 32. Ba6 Bg4 33. Bxb7 f3 34. d6 Qg5 35. Bd5+ Kg6 36. Qa2 cxd6 37. cxd6 Bd7 38. Bf7+ Kf6 39. g3 Qg4 40. Bg8 Be8 41. Qb3 Bh5 42. Nxf3 Qxf3 43. Qe6+ 1-0